000 00871nam a22001697a 4500
008 120831t xxu||||| |||| 00| 0 eng d
020 _a9788183292177
100 _aSharma, Upasana
245 _aTourism trends wordwide. /
_cUpasana Sharma and Vandana Yadav
260 _aNew Delhi:
_bShree Publishers and distribution,
_c2007.
300 _a270 p.:
_c20cm.
500 _aIncludes bibliographical references, glossary and index.
505 _aContents: Tourism: An overview -- Educational tourism -- Space tourism -- Culture tourism -- Adventure tourism -- Medical tourism -- Sustainable tourism -- Tourism in developing world -- Tourism and sustainable use of biological resources -- The Other side -- Tourism today: Major challenges -- Initiatives and experiences of tourism watch -- Appendices.
650 _aTourism.
700 _aYadav, Vandana
942 _2lcc
_cBK
999 _c2541
_d10041